Statistiques concernant Tower of God - Classement de la RAO

Cliquez ici pour prendre le quiz!

Statistiques générales

  • Ce quiz a été pris 11 fois
  • Le résultat moyen est 11 sur 17

Statistiques - réponses

PlaceRéponse% Correct
5eArie Hon
100%
4eUrek Mazino
100%
7eAdori Zahard
83%
2eEnryu
83%
7eEurasia Enne Zahard
83%
6eKhun Edahn
83%
3eZahard
83%
9eBaek Ryun
67%
10eHa Yurin
67%
14ePo Bidau Gustang
67%
15eGrace Mirchea Luslec
50%
16eHendo Lok Bloodmadder
50%
11eTu Perie Tperie
50%
17eYeon Hana
50%
13eEurasia Blossom
33%
12eMolic One P. GR
33%
1erPhantaminum
33%

Distribution des résultats

Percentile par nombre de réponses

% des personnes avec chaque résultat

Votre développement - résultats

Vous n’avez pas pris ce quiz